000
00326nam a2200133Ia 4500
008
240624s9999 xx 000 0 und d
041
_a
eng
082
_a
336.278 KUM
100
_a
KUMAR KISHORE
245
_a
SERVICE TAX SIMPLIFIED
260
_c
2012
_a
New Delhi
_b
Taxmann
300
_a
1170 : p. : cm. ; 24
365
_c
RS
_b
29
999
_c
20878
_d
20878